00726nam a22002412a 450000100060000000300080000600500170001400800410003103500190007204000320009104100080012308200200013110000290015124500500018026000310023030000240026149000170028550000920030250400270039460000200042170000260044183000170046721334BD-RjUL20211209000655.0140304s1964 enk 000 d eng u a(BD-RjUL)21398 aOUNdEQOdBD-RjULbengcEQO aeng a822.3bKYS 19641 aKyd, Thomas,d1558-1594.14aThe Spanish tragedy /cEdited by B. L. Joseph aLondon :bE. Benn,cc1964. axx, 117 p. ;c21 cm1 aNew mermaids aBased on the British Museum copy printed in 1592 with additions from the quarto of 1602 aBibliography: p. [123] 0a English drama.1 aJoseph, Bertram Leon. 0aNew mermaids